Regional infrastructure planning in Chile: challenges and opportunities (Record no. 108404)

000 -LEADER
fixed length control field 00575pab a2200193 454500
008 - FIXED-LENGTH DATA ELEMENTS--GENERAL INFORMATION
fixed length control field 180718b2013 xxu||||| |||| 00| 0 eng d
100 ## - MAIN ENTRY--PERSONAL NAME
Personal name Acuna, Vivien Villagran
245 ## - TITLE STATEMENT
Title Regional infrastructure planning in Chile: challenges and opportunities
260 ## - PUBLICATION, DISTRIBUTION, ETC.
Date of publication, distribution, etc. 2013
300 ## - PHYSICAL DESCRIPTION
Extent p.130-142.
362 ## - DATES OF PUBLICATION AND/OR SEQUENTIAL DESIGNATION
Dates of publication and/or sequential designation Autumn
650 ## - SUBJECT ADDED ENTRY--TOPICAL TERM
Topical term or geographic name entry element Regional planning - Chile
650 ## - SUBJECT ADDED ENTRY--TOPICAL TERM
Topical term or geographic name entry element Regional development - Chile
650 ## - SUBJECT ADDED ENTRY--TOPICAL TERM
Topical term or geographic name entry element Regional planning
700 ## - ADDED ENTRY--PERSONAL NAME
Personal name Voullieme, Uwe Gehrels
700 ## - ADDED ENTRY--PERSONAL NAME
Personal name Aquino, Felipe Livert
773 ## - HOST ITEM ENTRY
Main entry heading Regional Development Dialogue
909 ## -
-- 108409
Holdings
Withdrawn status Lost status Damaged status Not for loan Permanent Location Current Location Date acquired Serial Enumeration / chronology Barcode Date last seen Price effective from Koha item type
        Indian Institute of Public Administration Indian Institute of Public Administration 2018-07-19 Volume no: 34, Issue no: 2 AR108869 2018-07-19 2018-07-19 Articles

Powered by Koha